00732nam a2200181Ia 4500100002500000942000700025654001200032245003100044260002000075082002000095300000800115546001200123999001700135952010400152952009800256952009800354952009800452 aNikolaev/ Olshansky  cBK aWelding aAdvanced welding processes bMir Publishers a671.52bNIK/OLS a247 aENGLISH c21983d21983 001040708CRCaCRCEbCRCEd2023-03-17i3426l0o671.52 NIK/OLSp11050r2023-03-17w2023-03-17yBK 001040708CRCaCRCEbCRCEd2023-03-17l0o671.52 NIK/OLSp11051r2023-03-17w2023-03-17yBK 001040708CRCaCRCEbCRCEd2023-03-17l0o671.52 NIK/OLSp11052r2023-03-17w2023-03-17yBK 001040708CRCaCRCEbCRCEd2023-03-17l0o671.52 NIK/OLSp11053r2023-03-17w2023-03-17yBK